000 00432nam a2200145 i 4500
001 74177
003 ES-MaACL
007 t|
008 040916s1952 sp ||||1| spa d
100 1 _aGonzález Díez, Manuel.
_958600
245 1 0 _aCasa Consistorial
_b: casa de misericordia /
_cManuel González Díez.
260 _aMadrid :
_b[s.n.,
_c1952] (
_fTip. Florez)
300 _a184 p. ;
_c19 cm.
852 _aES-MaACL
_jC-8822
_bR.33237
999 _c74177
_d74177